000 00779nam a2200265Ia 4500
003 OSt
005 20220918164554.0
006 a|||||r|||| 00| 0
007 ta
008 220917b |||||||| |||| 00| 0 eng d
020 _a0691050473 (pbk)
024 _a171,400
037 _cTextual
040 _aARTS
_cARTS
_beng
041 _2eng
_aeng
082 _aV436(W6).N9, P0 (SC)
100 _aHefner Robert W.
_919503
245 0 _aCivil Islam
_b muslim and democratization in Indonesia
260 _aNew Jersey
_bPrinceton University Press
_c2000
300 _axxiv, 286p.
_ccm.
490 _aPrinceton studies in muslim politics
650 _aHISTORY
942 _hV436(W6).N9, P0 (SC)
_cTEXL
_2CC
999 _c125368
_d125368